[Event "Isle of Man op-B"]
[Site "Port Erin"]
[Date "2009.09.27"]
[Round "5"]
[White "Price, Andrew"]
[Black "Rety, John"]
[Result "1/2-1/2"]
[WhiteElo "2010"]
[BlackElo "1885"]
[PlyCount "20"]
[EventDate "2009.09.25"]
[EventType "swiss"]
[EventRounds "5"]
[EventCountry "IOM"]
[SourceTitle "EXT 2015"]
[Source "ChessBase"]
[SourceDate "2014.11.20"]
[SourceVersion "1"]
[SourceVersionDate "2014.11.20"]
[SourceQuality "1"]

1. e4 d6 2. d4 Nf6 3. Nc3 c6 4. f4 Bg4 5. Nf3 Qb6 6. Be2 Nbd7 7. h3 Bxf3 8. Bxf3 e5 9. Ne2 exd4 10. Qxd4 Qxd4 1/2-1/2

[Event "Isle of Man op-B"]
[Site "Port Erin"]
[Date "2009.09.25"]
[Round "1"]
[White "Campbell, Eoin S"]
[Black "Rety, John"]
[Result "1-0"]
[WhiteElo "1910"]
[BlackElo "1885"]
[PlyCount "67"]
[EventDate "2009.09.25"]
[EventType "swiss"]
[EventRounds "5"]
[EventCountry "IOM"]
[SourceTitle "EXT 2015"]
[Source "ChessBase"]
[SourceDate "2014.11.20"]
[SourceVersion "1"]
[SourceVersionDate "2014.11.20"]
[SourceQuality "1"]

1. Nf3 Nf6 2. c4 d6 3. d4 Nfd7 4. Nc3 g6 5. g3 Bg7 6. Bg2 c5 7. d5 Nf6 8. 0-0 0-0 9. Qd3 Bg4 10. Be3 Nbd7 11. a3 Bxf3 12. exf3 a6 13. b4 b6 14. Rab1 Qc7 15. Bh3 Rfb8 16. Rfc1 Rb7 17. Ne4 Rab8 18. Kg2 Ne5 19. Qe2 Ned7 20. Qd2 Qd8 21. Bh6 Qf8 22. Bxg7 Kxg7 23. Qb2 Kg8 24. Nxf6+ Nxf6 25. bxc5 dxc5 26. d6 Qe8 27. dxe7 Qxe7 28. Re1 Qd6 29. Rbd1 Qc6 30. Re6 Qa4 31. Red6 Ne8 32. Rd8 f5 33. Qe5 Kf7 34. R1d7+ 1-0

[Event "Coulsdon Autumn-B"]
[Site "Coulsdon"]
[Date "2009.08.27"]
[Round "6"]
[White "Clegg, Chris RA"]
[Black "Rety, John"]
[Result "0-1"]
[WhiteElo "1939"]
[BlackElo "1893"]
[PlyCount "61"]
[EventDate "2009.08.22"]
[EventType "tourn"]
[EventRounds "9"]
[EventCountry "ENG"]
[SourceTitle "CBM 132 Extra"]
[Source "ChessBase"]
[SourceDate "2009.11.03"]
[SourceVersion "1"]
[SourceVersionDate "2009.11.03"]
[SourceQuality "1"]

1. e4 d6 2. d4 Nf6 3. Nc3 g6 4. f4 c6 5. Nf3 Bg7 6. Bd3 Nbd7 7. 0-0 b5 8. e5 dxe5 9. fxe5 Ng4 10. h3 Nh6 11. Rf2 e6 12. Ne4 0-0 13. g4 f5 14. exf6 Nxf6 15. Nxf6+ Qxf6 16. Bg5 Qf7 17. Qd2 Qc7 18. Kg2 Nf7 19. Bf4 Qb6 20. c3 Bb7 21. Re1 Rac8 22. Be4 Rcd8 23. Qe3 a5 24. Ng5 Nxg5 25. Bxg5 Rde8 26. Rxf8+ Rxf8 27. Rf1 Rxf1 28. Kxf1 b4 29. Qf4 Ba6+ 30. Ke1 Qb5 31. Qf2 0-1

[Event "Coulsdon Autumn-B"]
[Site "Coulsdon"]
[Date "2009.08.24"]
[Round "3"]
[White "Fields, Francis E"]
[Black "Rety, John"]
[Result "1-0"]
[WhiteElo "1906"]
[BlackElo "1893"]
[PlyCount "71"]
[EventDate "2009.08.22"]
[EventType "tourn"]
[EventRounds "9"]
[EventCountry "ENG"]
[SourceTitle "CBM 132 Extra"]
[Source "ChessBase"]
[SourceDate "2009.11.03"]
[SourceVersion "1"]
[SourceVersionDate "2009.11.03"]
[SourceQuality "1"]

1. e4 e6 2. d4 b6 3. Nf3 Bb7 4. Bd3 c5 5. c3 Na6 6. Qe2 Nc7 7. 0-0 Be7 8. a3 a6 9. Rd1 d5 10. dxc5 bxc5 11. exd5 exd5 12. Bg5 Ne6 13. Bxe7 Nxe7 14. Qc2 Qc7 15. Nbd2 h5 16. Re1 0-0-0 17. Ne5 Nc6 18. Ndf3 Nxe5 19. Nxe5 Rh6 20. b4 c4 21. Bf5 Rf6 22. Nf3 Qf4 23. Nd4 Rd6 24. Re3 Kd8 25. Bxe6 fxe6 26. Rae1 Bc6 27. Nxe6+ Rfxe6 28. Rxe6 Rxe6 29. Rxe6 Kd7 30. Rg6 Qf7 31. Rg5 Kd6 32. Qg6+ Qf6 33. Qxf6+ gxf6 34. Rxh5 d4 35. cxd4 Bd5 36. Kf1 1-0

[Event "Coulsdon Autumn-B"]
[Site "Coulsdon"]
[Date "2009.08.23"]
[Round "2"]
[White "Rety, John"]
[Black "Hodgson, John H"]
[Result "0-1"]
[WhiteElo "1893"]
[BlackElo "2180"]
[PlyCount "56"]
[EventDate "2009.08.22"]
[EventType "tourn"]
[EventRounds "9"]
[EventCountry "ENG"]
[SourceTitle "CBM 132 Extra"]
[Source "ChessBase"]
[SourceDate "2009.11.03"]
[SourceVersion "1"]
[SourceVersionDate "2009.11.03"]
[SourceQuality "1"]

1. c4 Nf6 2. Nc3 d5 3. cxd5 Nxd5 4. Qb3 Nb6 5. Nf3 Be6 6. Qc2 Nc6 7. e4 a6 8. d3 Bg4 9. Be3 e6 10. h3 Bxf3 11. gxf3 Nd4 12. Bxd4 Qxd4 13. Bg2 Rd8 14. Rd1 Bd6 15. Ne2 Qf6 16. d4 e5 17. Kf1 exd4 18. Rxd4 0-0 19. Rd1 Be5 20. b3 Rxd1+ 21. Qxd1 Rd8 22. Qc2 Qc6 23. Qb1 Qb5 24. f4 Bxf4 25. Bf3 Nc4 26. Kg2 Qg5+ 27. Ng3 Ne3+ 28. Kh2 Bxg3+ 0-1

[Event "EU-chT Seniors 11th"]
[Site "Velden"]
[Date "2009.04.10"]
[Round "6"]
[White "Ludvigsen, Jan Helge"]
[Black "Rety, John"]
[Result "1-0"]
[WhiteElo "1785"]
[BlackElo "1903"]
[PlyCount "67"]
[EventDate "2009.04.05"]
[EventType "team-swiss"]
[EventRounds "9"]
[EventCountry "AUT"]
[SourceTitle "CBM 129 Extra"]
[Source "ChessBase"]
[SourceDate "2009.05.05"]
[SourceVersion "2"]
[SourceVersionDate "2009.05.20"]
[SourceQuality "1"]

1. e4 d6 2. d4 Nf6 3. Nc3 g6 4. f3 Bg7 5. Be3 0-0 6. Qd2 Re8 7. 0-0-0 Nbd7 8. g4 e5 9. d5 a6 10. h4 Qe7 11. Nge2 Rd8 12. Ng3 Nf8 13. h5 c6 14. hxg6 fxg6 15. Bh6 cxd5 16. Bxg7 Qxg7 17. Nxd5 Nxd5 18. Bc4 Be6 19. exd5 Bf7 20. Ne4 Rac8 21. Bb3 b5 22. Rh3 a5 23. Qxa5 Be8 24. Rdh1 h5 25. gxh5 gxh5 26. Rg3 Ng6 27. Rxh5 Qf7 28. Rhg5 Qf4+ 29. Kb1 Qe3 30. Nf6+ Kf7 31. Nxe8 Rxe8 32. Rxg6 Qd4 33. Rg1 Qh4 34. R6g4 1-0

[Event "EU-chT Seniors 11th"]
[Site "Velden"]
[Date "2009.04.08"]
[Round "4"]
[White "Topaloglu, Hayati"]
[Black "Rety, John"]
[Result "1/2-1/2"]
[WhiteElo "1911"]
[BlackElo "1903"]
[PlyCount "87"]
[EventDate "2009.04.05"]
[EventType "team-swiss"]
[EventRounds "9"]
[EventCountry "AUT"]
[SourceTitle "CBM 129 Extra"]
[Source "ChessBase"]
[SourceDate "2009.05.05"]
[SourceVersion "2"]
[SourceVersionDate "2009.05.20"]
[SourceQuality "1"]

1. e4 d6 2. d4 Nf6 3. Nc3 g6 4. Nf3 Bg7 5. Bd3 0-0 6. h3 c5 7. 0-0 cxd4 8. Nxd4 Qb6 9. Nce2 Nc6 10. c3 e5 11. Nb3 Be6 12. Be3 Qc7 13. Nd2 d5 14. Qa4 a6 15. exd5 Nxd5 16. Bg5 f6 17. Bh4 b5 18. Qc2 f5 19. f3 Ne3 20. Qb1 Nxf1 21. Nxf1 Qd6 22. Bc2 Bc4 23. Qd1 Qe6 24. b3 Bxe2 25. Qxe2 Bf6 26. Bf2 Rad8 27. b4 Kg7 28. Bb3 Qc8 29. Bc5 Rfe8 30. Re1 e4 31. Qc2 exf3 32. Rxe8 Rxe8 33. gxf3 f4 34. Kg2 Re5 35. Qd2 Qe8 36. Bd1 Rg5+ 37. Kh2 Qd8 38. Qc2 Qd5 39. Nd2 Rh5 40. Ne4 Qe6 41. Qg2 Be7 42. Bb3 Qd7 43. Bg1 Kf8 44. Bc5 1/2-1/2

[Event "EU-chT Seniors 11th"]
[Site "Velden"]
[Date "2009.04.07"]
[Round "3"]
[White "Rety, John"]
[Black "Laitinen, Martti"]
[Result "1-0"]
[WhiteElo "1903"]
[BlackElo "1855"]
[PlyCount "75"]
[EventDate "2009.04.05"]
[EventType "team-swiss"]
[EventRounds "9"]
[EventCountry "AUT"]
[SourceTitle "CBM 129 Extra"]
[Source "ChessBase"]
[SourceDate "2009.05.05"]
[SourceVersion "2"]
[SourceVersionDate "2009.05.20"]
[SourceQuality "1"]

1. Nf3 c5 2. d3 Nc6 3. c4 g6 4. g3 Bg7 5. Bg2 d6 6. 0-0 Nf6 7. Na3 0-0 8. Rb1 e5 9. Nc2 a5 10. Bd2 Be6 11. Ng5 Bd7 12. a3 h6 13. Nf3 Rb8 14. b4 axb4 15. axb4 b6 16. Bc3 Nd4 17. Nfxd4 exd4 18. Bd2 Qc7 19. b5 Be6 20. e4 dxe3 21. Nxe3 Rbd8 22. Bc3 Nd7 23. Bxg7 Kxg7 24. Ra1 Nf6 25. Ra6 d5 26. Qa1 d4 27. Nd1 Bf5 28. Nb2 Qd6 29. Rd1 Rb8 30. Na4 Nd7 31. Bc6 Ne5 32. Nxb6 Nxc6 33. Nd5 Bd7 34. Re1 Rfe8 35. bxc6 Bxc6 36. Qa5 Rxe1+ 37. Qxe1 Re8 38. Qxe8 1-0

[Event "Hastings Masters op 83rd"]
[Site "Hastings"]
[Date "2008.01.05"]
[Round "9"]
[White "Rety, John"]
[Black "O'Neill, Tom C"]
[Result "1-0"]
[WhiteElo "1970"]
[BlackElo "1551"]
[PlyCount "65"]
[EventDate "2007.12.28"]
[EventType "swiss"]
[EventRounds "10"]
[EventCountry "ENG"]
[SourceTitle "CBM 122 Extra"]
[Source "ChessBase"]
[SourceDate "2008.03.04"]
[SourceVersion "1"]
[SourceVersionDate "2008.03.04"]
[SourceQuality "1"]

1. e4 c5 2. c3 Nf6 3. e5 Nd5 4. Nf3 e6 5. d4 Nc6 6. Bc4 Nb6 7. Be2 h6 8. 0-0 Be7 9. Nbd2 cxd4 10. cxd4 Nd5 11. Bc4 Qb6 12. Bxd5 exd5 13. Nb3 Qd8 14. Qc2 Bg5 15. Be3 d6 16. Qd2 Bg4 17. Nxg5 hxg5 18. Bxg5 Qd7 19. exd6 Qxd6 20. Bf4 Qg6 21. Rfe1+ Be6 22. Nc5 Ne7 23. Nxe6 fxe6 24. Qe3 Kd7 25. Qe5 Nf5 26. Qc7+ Ke8 27. Qxb7 Nh4 28. Qxa8+ Kf7 29. Qb7+ Kf6 30. Bg3 Qd3 31. Be5+ Kg6 32. Qxg7+ Kf5 33. g4# 1-0

[Event "Hastings Masters op 83rd"]
[Site "Hastings"]
[Date "2008.01.03"]
[Round "7"]
[White "Rety, John"]
[Black "Milnes, Anthony CP"]
[Result "1/2-1/2"]
[WhiteElo "1970"]
[BlackElo "2126"]
[PlyCount "42"]
[EventDate "2007.12.28"]
[EventType "swiss"]
[EventRounds "10"]
[EventCountry "ENG"]
[SourceTitle "CBM 122 Extra"]
[Source "ChessBase"]
[SourceDate "2008.03.04"]
[SourceVersion "1"]
[SourceVersionDate "2008.03.04"]
[SourceQuality "1"]

1. d4 f5 2. Nc3 Nf6 3. Bg5 d5 4. Bxf6 exf6 5. e3 Be6 6. Bd3 Qd7 7. Qf3 Nc6 8. Nge2 Ne7 9. 0-0 c6 10. Na4 Nc8 11. Ng3 g6 12. Qe2 Bg7 13. Nc5 Qf7 14. b3 Nd6 15. Nxe6 Qxe6 16. c4 0-0 17. cxd5 cxd5 18. Rac1 Rac8 19. Qd2 Rxc1 20. Rxc1 Rc8 21. Ne2 Rxc1+ 1/2-1/2

[Event "Hastings Masters op 83rd"]
[Site "Hastings"]
[Date "2008.01.01"]
[Round "5"]
[White "Rety, John"]
[Black "Lee, Jia Shen"]
[Result "0-1"]
[WhiteElo "1970"]
[BlackElo "1920"]
[PlyCount "78"]
[EventDate "2007.12.28"]
[EventType "swiss"]
[EventRounds "10"]
[EventCountry "ENG"]
[SourceTitle "CBM 122 Extra"]
[Source "ChessBase"]
[SourceDate "2008.03.04"]
[SourceVersion "1"]
[SourceVersionDate "2008.03.04"]
[SourceQuality "1"]

1. d4 Nf6 2. c4 g6 3. Nc3 d5 4. e3 Bg7 5. h3 0-0 6. Nf3 c5 7. Be2 cxd4 8. exd4 Nc6 9. 0-0 a6 10. Be3 Qa5 11. Qb3 dxc4 12. Qxc4 Be6 13. Qc5 Rfd8 14. Rfd1 Nd5 15. Nxd5 Bxd5 16. Rd2 e6 17. a3 Qxc5 18. dxc5 Na5 19. Rad1 Nb3 20. Rc2 Rac8 21. Nd2 Bd4 22. Bf3 Bxe3 23. Nxb3 Bxb3 24. Rxd8+ Rxd8 25. Rc3 Bxf2+ 26. Kxf2 Bd5 27. b4 Bc6 28. Ke3 f5 29. Bxc6 bxc6 30. Rd3 Rxd3+ 31. Kxd3 e5 32. a4 Kf7 33. Kc4 Ke7 34. Kc3 Ke6 35. Kc4 h5 36. h4 f4 37. Kd3 Kd5 38. Kc3 e4 39. Kb3 f3 0-1

[Event "EU-chT Seniors 09th"]
[Site "Dresden"]
[Date "2007.02.23"]
[Round "8"]
[White "Beer, Albrecht"]
[Black "Rety, John"]
[Result "1-0"]
[WhiteElo "1657"]
[BlackElo "1964"]
[PlyCount "65"]
[EventDate "2007.02.16"]
[EventType "team-swiss"]
[EventRounds "9"]
[EventCountry "GER"]
[SourceTitle "CBM 117 Extra"]
[Source "ChessBase"]
[SourceDate "2007.05.09"]
[SourceVersion "1"]
[SourceVersionDate "2007.05.09"]
[SourceQuality "1"]

1. c4 d6 2. Nc3 c5 3. g3 Nc6 4. Bg2 Nf6 5. e4 e5 6. d3 Nd4 7. f3 Be7 8. Nge2 Nc6 9. 0-0 Bd7 10. Be3 a6 11. Qd2 0-0 12. Nd5 Nxd5 13. exd5 Na7 14. f4 Bf6 15. fxe5 Bxe5 16. d4 cxd4 17. Bxd4 Qe7 18. Rae1 f6 19. Nf4 Nc8 20. Bxe5 fxe5 21. Ne6 Rf6 22. Rxf6 gxf6 23. Rf1 Bxe6 24. dxe6 Kg7 25. Bd5 Na7 26. Qg2 Rc8 27. Qh3 Rg8 28. Be4 Nc6 29. Qxh7+ Kf8 30. Qh6+ Qg7 31. Rxf6+ Ke8 32. Qh5+ Kd8 33. Qg6 1-0

[Event "EU-chT Seniors 09th"]
[Site "Dresden"]
[Date "2007.02.22"]
[Round "7"]
[White "Rety, John"]
[Black "Niebuhr, Gerd"]
[Result "1/2-1/2"]
[WhiteElo "1964"]
[BlackElo "2071"]
[PlyCount "35"]
[EventDate "2007.02.16"]
[EventType "team-swiss"]
[EventRounds "9"]
[EventCountry "GER"]
[SourceTitle "CBM 117 Extra"]
[Source "ChessBase"]
[SourceDate "2007.05.09"]
[SourceVersion "1"]
[SourceVersionDate "2007.05.09"]
[SourceQuality "1"]

1. c4 Nf6 2. Nc3 c5 3. Nf3 Nc6 4. g3 d5 5. cxd5 Nxd5 6. Bg2 Nc7 7. 0-0 e5 8. d3 Be7 9. Be3 f6 10. Rc1 Na6 11. h4 Be6 12. Kh2 Qd7 13. Nd2 Rc8 14. Nce4 b6 15. a3 0-0 16. Qa4 Nab8 17. f4 Nd4 18. Qxd7 1/2-1/2

[Event "EU-chT Seniors 09th"]
[Site "Dresden"]
[Date "2007.02.21"]
[Round "6"]
[White "Rety, John"]
[Black "Dorawa, Bernhard"]
[Result "1/2-1/2"]
[WhiteElo "1964"]
[BlackElo "2070"]
[PlyCount "68"]
[EventDate "2007.02.16"]
[EventType "team-swiss"]
[EventRounds "9"]
[EventCountry "GER"]
[SourceTitle "CBM 117 Extra"]
[Source "ChessBase"]
[SourceDate "2007.05.09"]
[SourceVersion "1"]
[SourceVersionDate "2007.05.09"]
[SourceQuality "1"]

1. c4 e5 2. Nc3 Nc6 3. d3 g6 4. Nf3 Bg7 5. g3 Nge7 6. Bg2 0-0 7. 0-0 d6 8. Bd2 h6 9. Rb1 Be6 10. h3 d5 11. b3 d4 12. Na4 f5 13. Nc5 Bc8 14. b4 b6 15. Nb3 e4 16. b5 exf3 17. Bxf3 Bd7 18. bxc6 Bxc6 19. Bxc6 Nxc6 20. Qc1 Kh7 21. f4 Re8 22. Rf2 Re6 23. Qf1 Qe7 24. Bc1 Re8 25. Rb2 Nd8 26. Qg2 c5 27. Kf1 Qb7 28. Qxb7 Nxb7 29. Nd2 Na5 30. Rc2 Nc6 31. Nf3 Bf6 32. Bd2 Kg7 33. Rg2 Be7 34. Bc1 Bf6 1/2-1/2

[Event "EU-chT Seniors 09th"]
[Site "Dresden"]
[Date "2007.02.18"]
[Round "3"]
[White "Birkestrand, Odd Helge"]
[Black "Rety, John"]
[Result "0-1"]
[WhiteElo "1848"]
[BlackElo "1964"]
[PlyCount "76"]
[EventDate "2007.02.16"]
[EventType "team-swiss"]
[EventRounds "9"]
[EventCountry "GER"]
[SourceTitle "CBM 117 Extra"]
[Source "ChessBase"]
[SourceDate "2007.05.09"]
[SourceVersion "1"]
[SourceVersionDate "2007.05.09"]
[SourceQuality "1"]

1. e4 c5 2. c3 g6 3. Nf3 Bg7 4. Be2 d6 5. d4 b6 6. dxc5 bxc5 7. Qd5 Qb6 8. Qxa8 Nf6 9. e5 Nfd7 10. Qd5 dxe5 11. 0-0 0-0 12. Nbd2 Bb7 13. Qb3 Qc7 14. Rd1 h6 15. Nf1 Kh7 16. Ne1 f5 17. Qc2 Nf6 18. f3 Nbd7 19. Be3 e4 20. f4 Nd5 21. g3 N7f6 22. Ng2 Nxe3 23. Ngxe3 e5 24. Ng2 g5 25. Qd2 gxf4 26. gxf4 Nd5 27. c4 Nxf4 28. Nxf4 exf4 29. Qd6 Qxd6 30. Rxd6 Bd4+ 31. Kg2 f3+ 32. Bxf3 exf3+ 33. Kh3 Bc8 34. Rc6 f4+ 35. Rxc8 Rxc8 36. Kg4 f2 37. Nd2 Be3 38. Ne4 Rg8+ 0-1

[Event "Hastings Masters op 82nd"]
[Site "Hastings"]
[Date "2007.01.04"]
[Round "8"]
[White "Rety, John"]
[Black "Hickman, John"]
[Result "1/2-1/2"]
[WhiteElo "1965"]
[BlackElo "2058"]
[PlyCount "38"]
[EventDate "2006.12.28"]
[EventType "swiss"]
[EventRounds "9"]
[EventCountry "ENG"]
[SourceTitle "CBM 116 Extra"]
[Source "ChessBase"]
[SourceDate "2007.03.07"]
[SourceVersion "1"]
[SourceVersionDate "2007.03.07"]
[SourceQuality "1"]

1. d4 d6 2. Nf3 g6 3. e4 Nf6 4. Bd3 Nc6 5. c3 Bg7 6. h3 0-0 7. 0-0 e5 8. Be3 Re8 9. d5 Ne7 10. c4 Nd7 11. Nbd2 h6 12. g4 Nc5 13. Ne1 f5 14. f3 a5 15. Qe2 Rf8 16. Nb3 Nxb3 17. axb3 Bd7 18. Ng2 Kh7 19. Bd2 b6 1/2-1/2

[Event "Hastings Masters op 82nd"]
[Site "Hastings"]
[Date "2007.01.02"]
[Round "6"]
[White "Rety, John"]
[Black "Kulago, Alexander"]
[Result "0-1"]
[WhiteElo "1965"]
[BlackElo "2114"]
[PlyCount "118"]
[EventDate "2006.12.28"]
[EventType "swiss"]
[EventRounds "9"]
[EventCountry "ENG"]
[SourceTitle "CBM 116 Extra"]
[Source "ChessBase"]
[SourceDate "2007.03.07"]
[SourceVersion "1"]
[SourceVersionDate "2007.03.07"]
[SourceQuality "1"]

1. e4 e5 2. Nf3 Nc6 3. Bb5 g6 4. 0-0 Bg7 5. c3 Nge7 6. d4 exd4 7. cxd4 d5 8. exd5 Nxd5 9. Re1+ Be6 10. Bg5 Qd6 11. Qc1 0-0 12. Bxc6 bxc6 13. Bh6 Rab8 14. Bxg7 Kxg7 15. Nc3 Qb4 16. Ne4 Qxb2 17. Qxc6 Rb6 18. Qc1 Rfb8 19. h3 Bf5 20. Nc5 Nc3 21. Qe3 Nb1 22. Qe5+ Kg8 23. Raxb1 Bxb1 24. Nd7 Re6 25. Qf4 Rxe1+ 26. Nxe1 Rc8 27. Nf3 Bf5 28. Nf6+ Kf8 29. Nxh7+ Kg7 30. Nhg5 Re8 31. g4 Be6 32. Qe5+ Kg8 33. Ne4 Rd8 34. Nf6+ Kf8 35. Qxc7 Qb6 36. Qf4 Kg7 37. Ne4 Bd5 38. Qe5+ Kf8 39. Qh8+ Ke7 40. Qe5+ Qe6 41. Qc7+ Rd7 42. Qc5+ Ke8 43. Qc8+ Rd8 44. Qxe6+ fxe6 45. Nf6+ Ke7 46. Nxd5+ Rxd5 47. h4 Ra5 48. g5 Rxa2 49. Ne5 a5 50. Nxg6+ Kf7 51. Ne5+ Kg7 52. h5 a4 53. h6+ Kh7 54. Nd7 Re2 55. Nf6+ Kg6 56. h7 Kg7 57. g6 Rb2 58. Ne8+ Kh8 59. Nd6 Rb8 0-1

[Event "Hastings Masters op 82nd"]
[Site "Hastings"]
[Date "2006.12.28"]
[Round "1"]
[White "Rendle, Thomas E"]
[Black "Rety, John"]
[Result "1-0"]
[WhiteElo "2382"]
[BlackElo "1965"]
[PlyCount "53"]
[EventDate "2006.12.28"]
[EventType "swiss"]
[EventRounds "9"]
[EventCountry "ENG"]
[SourceTitle "CBM 116 Extra"]
[Source "ChessBase"]
[SourceDate "2007.03.07"]
[SourceVersion "1"]
[SourceVersionDate "2007.03.07"]
[SourceQuality "1"]

1. e4 d6 2. d4 Nf6 3. Nc3 c6 4. Nf3 Bg4 5. h3 Bh5 6. Be3 Nbd7 7. Bd3 e5 8. Qd2 Bxf3 9. gxf3 exd4 10. Bxd4 Ne5 11. Be2 Qc7 12. f4 Ned7 13. 0-0-0 0-0-0 14. Bxa7 Nc5 15. Bxc5 dxc5 16. Qxd8+ Qxd8 17. Rxd8+ Kxd8 18. e5 Nd7 19. Rd1 Kc7 20. Ne4 Be7 21. Bc4 Rf8 22. Bxf7 g5 23. e6 Nb6 24. fxg5 Rd8 25. Rxd8 Kxd8 26. f4 Nc4 27. f5 1-0

[Event "Beacon Seniors op"]
[Site "Exmouth"]
[Date "2006.11.14"]
[Round "2"]
[White "Jenkins, Geoffrey J"]
[Black "Rety, John"]
[Result "0-1"]
[WhiteElo "1264"]
[BlackElo "1776"]
[PlyCount "56"]
[EventDate "2006.11.13"]
[EventType "swiss"]
[EventRounds "5"]
[EventCountry "ENG"]
[SourceTitle "EXT 2008"]
[Source "ChessBase"]
[SourceDate "2007.11.25"]
[SourceVersion "1"]
[SourceVersionDate "2007.11.25"]
[SourceQuality "1"]

1. e4 e6 2. d4 d5 3. e5 c5 4. c3 Nc6 5. Nf3 Nh6 6. Bxh6 gxh6 7. Bd3 Qb6 8. Qc2 Bd7 9. dxc5 Bxc5 10. b4 Be7 11. Bxh7 Rc8 12. a3 a5 13. Bd3 axb4 14. Qb2 b3 15. 0-0 Na5 16. Nbd2 Ba4 17. Rab1 Qc5 18. Ra1 Qxc3 19. Qb1 b2 20. Ra2 Bxa3 21. h3 b5 22. Nd4 b4 23. Bb5+ Bxb5 24. Nxb5 Qxd2 25. Nd6+ Ke7 26. Nxc8+ Rxc8 27. Kh2 Rc1 28. Rxc1 Qxc1 0-1

[Event "Paington op"]
[Site "Paington"]
[Date "2006.09.07"]
[Round "5"]
[White "Bass, John W"]
[Black "Rety, John"]
[Result "1/2-1/2"]
[WhiteElo "2095"]
[BlackElo "1964"]
[PlyCount "74"]
[EventDate "2006.09.03"]
[EventType "swiss"]
[EventRounds "7"]
[EventCountry "ENG"]
[SourceTitle "CBM 114 Extra"]
[Source "ChessBase"]
[SourceDate "2006.11.03"]
[SourceVersion "1"]
[SourceVersionDate "2006.11.03"]
[SourceQuality "1"]

1. d4 Nf6 2. Nf3 g6 3. c4 d5 4. Nc3 Bg7 5. Bf4 c6 6. e3 0-0 7. Be2 Nbd7 8. h3 a5 9. 0-0 dxc4 10. Bxc4 b5 11. Bd3 Qb6 12. Rc1 Ba6 13. e4 Rac8 14. Qe2 Rfe8 15. a4 c5 16. Bxb5 Bxb5 17. Nxb5 cxd4 18. Bc7 Qe6 19. e5 Nd5 20. Nbxd4 Bh6 21. Nxe6 Bxc1 22. Ned4 Rxc7 23. e6 N7f6 24. exf7+ Kxf7 25. Ng5+ Bxg5 26. Ne6 Rb7 27. Nxg5+ Kg7 28. Ne6+ Kf7 29. f4 Reb8 30. f5 Rxb2 31. fxg6+ hxg6 32. Qe5 R8b6 33. Qxd5 Rxe6 34. Qxa5 Ree2 35. Qg5 Ra2 36. a5 Kg7 37. Rf3 Ra1+ 1/2-1/2

[Event "EU-chT Seniors 08th"]
[Site "Dresden"]
[Date "2006.02.17"]
[Round "1"]
[White "Eis, Helko"]
[Black "Rety, John"]
[Result "1-0"]
[WhiteElo "2145"]
[BlackElo "2006"]
[PlyCount "73"]
[EventDate "2006.02.17"]
[EventType "team-swiss"]
[EventRounds "8"]
[EventCountry "GER"]
[SourceTitle "CBM 111 Extra"]
[Source "ChessBase"]
[SourceDate "2006.05.09"]
[SourceVersion "1"]
[SourceVersionDate "2006.05.09"]
[SourceQuality "1"]
[WhiteTeam "Baden"]
[BlackTeam "Great Britain IV"]
[WhiteTeamCountry "GER"]
[BlackTeamCountry "GBR"]

1. c4 e5 2. Nc3 g6 3. g3 Bg7 4. Bg2 c6 5. e3 Ne7 6. d4 d6 7. Nge2 Qc7 8. 0-0 Be6 9. d5 Bd7 10. b3 Na6 11. Ba3 c5 12. Bb2 0-0 13. Nc1 Nf5 14. Nd3 Qd8 15. a3 Nc7 16. b4 b6 17. Qc2 Qe7 18. Ne4 Ne8 19. Rae1 Nf6 20. f4 Nxe4 21. Bxe4 Rac8 22. fxe5 cxb4 23. axb4 dxe5 24. c5 Qg5 25. Bxf5 Bxf5 26. e4 Bh3 27. Rf2 bxc5 28. bxc5 h5 29. Qd2 Qe7 30. c6 Kh7 31. Bc3 Bh6 32. Qa2 Rb8 33. d6 Qxd6 34. Rxf7+ Kg8 35. Rf6+ Kh8 36. Rxd6 Be3+ 37. Kh1 1-0

[Event "Hastings Masters op 81st"]
[Site "Hastings"]
[Date "2006.01.02"]
[Round "6"]
[White "Scoriels, Michael"]
[Black "Rety, John"]
[Result "0-1"]
[WhiteElo "2156"]
[BlackElo "1992"]
[PlyCount "99"]
[EventDate "2005.12.28"]
[EventType "swiss"]
[EventRounds "10"]
[EventCountry "ENG"]
[SourceTitle "CBM 110 Extra"]
[Source "ChessBase"]
[SourceDate "2006.03.10"]
[SourceVersion "2"]
[SourceVersionDate "2006.03.10"]
[SourceQuality "1"]

1. e4 c5 2. Nc3 e5 3. Bc4 Nf6 4. d3 Be7 5. f4 d6 6. Nf3 Bg4 7. h3 Bxf3 8. Qxf3 Nc6 9. Ne2 Nd4 10. Nxd4 cxd4 11. g4 Qc7 12. fxe5 Qa5+ 13. Bd2 Qxe5 14. g5 Nd7 15. Qxf7+ Kd8 16. 0-0-0 Rf8 17. Qd5 Kc7 18. Rdf1 Rxf1+ 19. Rxf1 Rf8 20. Rxf8 Nxf8 21. Qf7 Kb6 22. Qd5 a6 23. b3 Ng6 24. Kb2 Bf8 25. Qf7 Qe7 26. Qf2 Kc7 27. Qxd4 Qe5 28. Bc3 Qxg5 29. Bd5 Ne5 30. Ba5+ Kb8 31. Qb6 Qe7 32. d4 Ng6 33. b4 Nf4 34. Bc6 Nxh3 35. a4 Nf4 36. b5 axb5 37. Qxb5 Ne6 38. Bb4 Qc7 39. Qf5 Qe7 40. e5 Nxd4 41. Qe4 Qxe5 42. Qxe5 dxe5 43. Bxf8 Nxc6 44. Bxg7 h5 45. Bf6 Kc7 46. Kc3 Kd6 47. Kd3 Kd5 48. c4+ Ke6 49. Bh4 Kf5 50. Be1 0-1